00888cam a2200193 45000010005000000030006000050050017000110080039000280200015000670820015000821000033000972450042001302600057001723000033002295040051002625050346003135210019006596500016006788660OCoLC20181127190452.0030804s2002 njua b 001 0 eng a069111730604a382.712211 aBhagwati, Jagdish N.,d1934-10aFree trade today /cJagdish Bhagwati. aPrinceton, N.J.bPrinceton University Press,cc2002. aix, 128 p. :bill. ;c22 cm. aIncludes bibliographical references and index. aCONTENTS : Lecture 1. Confronting conventional threats to free trade: the postwar revolution in the theory of commercial policy -- Lecture 2. "Fair trade," income distribution, and social agendas: using trade theory to meet new challenges -- Lecture 3. Getting to free trade: alternative approaches and their theoretical rationale.grt8 a1600 bLexile. 0aFree trade.